000 00473nam a2200181Ia 4500
005 20250317130822.0
008 008 250317s9999 xx 000 0 eng d
037 _aTextbook
040 _aFMSL
_beng
_cFMSL
041 _aeng
_2eng
084 _qFMSL
100 _aBott E
_9746095
245 0 _aUsing microsoft office 97
260 _aNew Delhi
_bNew Delhi, Prentice Hall of India
_c1997
300 _a506p
942 _cTB
999 _c1265423
_d1265423